[Event "Madrid San Viator op-B 28th"]
[Site "Madrid"]
[Date "2017.04.02"]
[Round "2"]
[White "Carrasco Coquillat, Alvaro"]
[Black "Dominguez Afonso, Ayraldo"]
[Result "1-0"]
[WhiteElo "1505"]
[BlackElo "1639"]
[PlyCount "93"]
[EventDate "2017.03.26"]
[EventType "swiss"]
[EventRounds "9"]
[EventCountry "ESP"]
[SourceTitle "EXT 2019"]
[Source "ChessBase"]
[SourceDate "2018.10.10"]
[SourceVersion "1"]
[SourceVersionDate "2018.10.10"]
[SourceQuality "1"]

1. d4 Nf6 2. c4 g6 3. Nc3 Bg7 4. Nf3 0-0 5. e4 d6 6. Be2 e5 7. d5 Nbd7 8. 0-0 Nc5 9. Qc2 a5 10. Bd2 Nh5 11. Na4 Nf4 12. Bxf4 exf4 13. Nxc5 dxc5 14. Rad1 g5 15. b3 g4 16. Nd2 Qg5 17. f3 Bd4+ 18. Kh1 g3 19. Rfe1 Kh8 20. Bf1 Rg8 21. Re2 Rg6 22. Nb1 Rh6 23. h3 Qh5 24. Rxd4 cxd4 25. Qd3 Qe5 26. Rd2 c6 27. Qxd4 Qxd4 28. Rxd4 cxd5 29. cxd5 Bd7 30. Nc3 Rc8 31. Rc4 Rxc4 32. bxc4 Rb6 33. Nb5 Bxb5 34. cxb5 Rd6 35. Bd3 Rd8 36. Kg1 Rc8 37. Kf1 Rc1+ 38. Ke2 Rg1 39. d6 Rxg2+ 40. Ke1 Rg1+ 41. Ke2 Rg2+ 42. Ke1 Rh2 43. d7 Kg7 44. d8Q f6 45. Qe7+ Kg6 46. e5+ Kh5 47. Qxh7+ 1-0

[Event "Madrid San Viator op-B 28th"]
[Site "Madrid"]
[Date "2017.03.26"]
[Round "1"]
[White "Dominguez Afonso, Ayraldo"]
[Black "Soria Martinez, Daniel"]
[Result "1-0"]
[WhiteElo "1639"]
[BlackElo "1375"]
[PlyCount "147"]
[EventDate "2017.03.26"]
[EventType "swiss"]
[EventRounds "9"]
[EventCountry "ESP"]
[SourceTitle "EXT 2019"]
[Source "ChessBase"]
[SourceDate "2018.10.10"]
[SourceVersion "1"]
[SourceVersionDate "2018.10.10"]
[SourceQuality "1"]

1. e4 e6 2. d4 d5 3. e5 c5 4. c3 Nc6 5. Nf3 Qb6 6. a3 a5 7. Bd3 Nh6 8. 0-0 Nf5 9. Bxf5 exf5 10. dxc5 Qxc5 11. Be3 Qb5 12. Qc2 Be6 13. Nbd2 Bc5 14. Bxc5 Qxc5 15. Nb3 Qb6 16. Nbd4 Nxd4 17. cxd4 0-0 18. Rac1 Rfc8 19. Qd2 Rc4 20. Rxc4 dxc4 21. d5 Rd8 22. d6 Qc5 23. Qd4 Qc6 24. Qc3 Qc5 25. Ng5 Bd7 26. Rc1 Rc8 27. Nf3 a4 28. Qd4 Qxd4 29. Nxd4 b5 30. Kf1 Rc5 31. f4 Rd5 32. Rd1 f6 33. exf6 gxf6 34. Ke2 Rxd6 35. Nc2 Rxd1 36. Kxd1 Kf7 37. Kd2 Ke6 38. Ke3 Kd5 39. Kf3 Be6 40. h3 h6 41. g4 Bd7 42. gxf5 Bxf5 43. Ne3+ Ke6 44. Ng4 h5 45. Nf2 Kd5 46. Ke3 Kd6 47. Kd4 Be6 48. Ne4+ Ke7 49. h4 Bd7 50. Nc3 Kd6 51. Ne4+ Ke7 52. Kd5 Be6+ 53. Kc5 Bd7 54. Ng3 Be8 55. Nf5+ Kf8 56. Nd6 Bd7 57. Nxb5 Bxb5 58. Kxb5 Ke7 59. Kxc4 Kd6 60. Kd4 f5 61. Kc4 Kc6 62. b3 axb3 63. Kxb3 Kb5 64. Kc3 Ka4 65. Kd4 Kxa3 66. Ke5 Kb4 67. Kxf5 Kc5 68. Kg5 Kd5 69. Kxh5 Ke6 70. Kg5 Ke7 71. Kg6 Ke6 72. f5+ Ke7 73. f6+ Kf8 74. f7 1-0

[Event "Madrid-ch Previa-B"]
[Site "Madrid"]
[Date "2017.02.24"]
[Round "8"]
[White "Dominguez Afonso, Ayraldo"]
[Black "Ojosnegros Martin, Angel"]
[Result "1-0"]
[WhiteElo "1595"]
[BlackElo "1516"]
[PlyCount "109"]
[EventDate "2017.02.02"]
[EventType "swiss"]
[EventRounds "9"]
[EventCountry "ESP"]
[SourceTitle "EXT 2018"]
[Source "ChessBase"]
[SourceDate "2017.10.13"]
[SourceVersion "1"]
[SourceVersionDate "2017.10.13"]
[SourceQuality "1"]

1. e4 e5 2. Nf3 Nc6 3. Bb5 Bc5 4. 0-0 Nge7 5. c3 Bb6 6. d4 exd4 7. cxd4 d5 8. exd5 Nxd5 9. Re1+ Be6 10. Ne5 0-0 11. Nxc6 bxc6 12. Bxc6 Rb8 13. Nc3 Qd6 14. Ba4 Nf6 15. Be3 Rfd8 16. Qe2 Qb4 17. a3 Qf8 18. Rad1 g6 19. h3 Qg7 20. Qf3 Bd5 21. Nxd5 Nxd5 22. Bb3 c6 23. Bg5 Rd7 24. Bxd5 Rxd5 25. Bf6 Qf8 26. Be5 Rxe5 27. Rxe5 Qd6 28. Qe4 Bc7 29. Re8+ Rxe8 30. Qxe8+ Kg7 31. Qe5+ Qxe5 32. dxe5 Bxe5 33. b4 Bb2 34. Rd3 Kf8 35. Kf1 Ke7 36. Ke2 Ke6 37. Kd2 Ke5 38. a4 Bd4 39. f3 Kd5 40. Kc2 Kc4 41. Rb3 a6 42. f4 h5 43. b5 cxb5 44. axb5 axb5 45. f5 b4 46. fxg6 fxg6 47. Rg3 Bc3 48. Rxg6 b3+ 49. Kb1 Bd2 50. g4 hxg4 51. hxg4 Kd5 52. Rb6 Ke5 53. Rb5+ Kf6 54. Kb2 Bf4 55. Rf5+ 1-0

[Event "Madrid San Viator op-B 26th"]
[Site "Madrid"]
[Date "2016.04.03"]
[Round "1"]
[White "Dominguez Afonso, Ayraldo"]
[Black "Fernandez Munoz, Jesus Norberto"]
[Result "1-0"]
[WhiteElo "1619"]
[BlackElo "1399"]
[PlyCount "63"]
[EventDate "2016.04.03"]
[EventType "swiss"]
[EventRounds "9"]
[EventCountry "ESP"]
[SourceTitle "EXT 2017"]
[Source "ChessBase"]
[SourceDate "2016.10.25"]
[SourceVersion "1"]
[SourceVersionDate "2016.10.25"]
[SourceQuality "1"]

1. e4 e5 2. Nf3 Nf6 3. Nc3 Nc6 4. Bc4 Be7 5. 0-0 0-0 6. Re1 a6 7. a3 d6 8. h3 Be6 9. Bf1 h6 10. d4 exd4 11. Nxd4 Nxd4 12. Qxd4 c5 13. Qd3 Nd7 14. f4 Nb6 15. Nd5 Bh4 16. g3 Bf6 17. Nxf6+ Qxf6 18. Qxd6 Qd4+ 19. Qxd4 cxd4 20. b3 Rfe8 21. Bb2 Rad8 22. Rad1 Bc8 23. Bxd4 Nd7 24. g4 Nf8 25. f5 Nh7 26. Bg2 h5 27. Bb6 Rxd1 28. Rxd1 hxg4 29. hxg4 Nf6 30. Bf3 Nd7 31. Bd4 Ne5 32. Bxe5 1-0

[Event "Tenerife Verano op"]
[Site "Tenerife"]
[Date "2015.08.28"]
[Round "9"]
[White "Dominguez Afonso, Ayraldo"]
[Black "Marin Dorta, Alejandro"]
[Result "1-0"]
[WhiteElo "1638"]
[BlackElo "1184"]
[PlyCount "95"]
[EventDate "2015.08.10"]
[EventType "swiss"]
[EventRounds "9"]
[EventCountry "ESP"]
[SourceTitle "EXT 2016"]
[Source "ChessBase"]
[SourceDate "2015.10.08"]
[SourceVersion "1"]
[SourceVersionDate "2015.10.08"]
[SourceQuality "1"]

1. e4 c5 2. Nf3 d6 3. d4 cxd4 4. Nxd4 Nf6 5. Nc3 a6 6. Bc4 Nbd7 7. Be3 e6 8. a4 Be7 9. a5 0-0 10. Bxe6 Ne5 11. Bb3 Neg4 12. Bf4 Nh5 13. Bc1 Bg5 14. Nf3 Bxc1 15. Qxc1 Re8 16. 0-0 Ngf6 17. Ng5 Rf8 18. Rd1 b6 19. e5 Ne8 20. exd6 bxa5 21. Qe3 Bf5 22. Qe7 Nxd6 23. Qxd6 Qxg5 24. Rxa5 Nf4 25. Qc6 Rfc8 26. Qf3 Rab8 27. Qg3 Qxg3 28. hxg3 Bg4 29. f3 Bxf3 30. gxf3 Nh3+ 31. Kg2 Nf4+ 32. gxf4 Rc6 33. Rd7 Rg6+ 34. Kf2 Rf8 35. Nd5 Kh8 36. Nc7 Rh6 37. Rxa6 Rh2+ 38. Ke3 Rh1 39. Rxf7 Rc8 40. Ra8 Rxa8 41. Nxa8 Re1+ 42. Kd2 Re8 43. Nc7 Rd8+ 44. Ke2 h5 45. Nd5 h4 46. Rf5 Re8+ 47. Kf2 h3 48. Rh5+ 1-0

[Event "Tenerife Verano op"]
[Site "Tenerife"]
[Date "2015.08.13"]
[Round "3"]
[White "Brito Rodriguez, Cristian"]
[Black "Dominguez Afonso, Ayraldo"]
[Result "0-1"]
[WhiteElo "1448"]
[BlackElo "1638"]
[PlyCount "70"]
[EventDate "2015.08.10"]
[EventType "swiss"]
[EventRounds "9"]
[EventCountry "ESP"]
[SourceTitle "EXT 2016"]
[Source "ChessBase"]
[SourceDate "2015.10.08"]
[SourceVersion "1"]
[SourceVersionDate "2015.10.08"]
[SourceQuality "1"]

1. d4 d5 2. c4 e6 3. Nc3 Nf6 4. cxd5 exd5 5. Bf4 Bd6 6. Bxd6 Qxd6 7. Nf3 0-0 8. e3 Bf5 9. Be2 h6 10. 0-0 Nbd7 11. Qb3 Rab8 12. Rac1 c6 13. Na4 Ne4 14. Bd3 Ndf6 15. Qc2 Rfe8 16. Ne5 Bh7 17. f3 Ng5 18. Nc5 Bxd3 19. Qxd3 Ne6 20. b4 Nxc5 21. Rxc5 Nd7 22. Nxd7 Qxd7 23. b5 Rbc8 24. bxc6 bxc6 25. Rfc1 Re6 26. Kf2 Qe7 27. g3 Re8 28. R1c3 Qg5 29. Qe2 Qh5 30. Ke1 Qg6 31. Kd2 Rf6 32. f4 Rb8 33. Rc2 Rb1 34. Qd3 Rd1+ 35. Kxd1 Qxd3+ 0-1

[Event "Madrid San Viator op 24th"]
[Site "Madrid"]
[Date "2015.05.31"]
[Round "9"]
[White "Dominguez Afonso, Ayraldo"]
[Black "Uceda Martinez, Jacinto"]
[Result "1-0"]
[WhiteElo "1604"]
[BlackElo "1800"]
[PlyCount "111"]
[EventDate "2015.03.22"]
[EventType "swiss"]
[EventRounds "9"]
[EventCountry "ESP"]
[SourceTitle "EXT 2016"]
[Source "ChessBase"]
[SourceDate "2015.10.08"]
[SourceVersion "1"]
[SourceVersionDate "2015.10.08"]
[SourceQuality "1"]

1. e4 c5 2. Nf3 a6 3. c4 Nc6 4. Nc3 e5 5. d3 d6 6. Be2 Be7 7. a3 f5 8. Rb1 Nf6 9. b4 b6 10. Nd5 fxe4 11. Nxf6+ Bxf6 12. dxe4 0-0 13. Qd5+ Kh8 14. Qxc6 Bg4 15. h3 Bh5 16. 0-0 Rc8 17. Qd5 Bf7 18. Qd1 cxb4 19. axb4 Bxc4 20. Bxc4 Rxc4 21. Qd3 b5 22. Be3 Qc7 23. Rfc1 Rc8 24. Rxc4 bxc4 25. Qc2 Qc6 26. Nd2 d5 27. exd5 Qxd5 28. Bc5 Qd3 29. Qxd3 cxd3 30. Ne4 Rd8 31. Rd1 Rd5 32. f3 Kg8 33. Kf2 Kf7 34. Ke3 Ke6 35. Rxd3 Bd8 36. Rxd5 Kxd5 37. Kd3 Bc7 38. Nc3+ Ke6 39. Ke4 g6 40. Nd1 Bb8 41. Ne3 Bc7 42. Nc4 Bd8 43. Nxe5 Bc7 44. Nc4 h5 45. g4 Bb8 46. f4 Bc7 47. f5+ gxf5+ 48. gxf5+ Kf6 49. Bd6 Bd8 50. Kf4 Kf7 51. Ne3 Kf6 52. Nd5+ Kf7 53. Nc7 Bxc7 54. Bxc7 Kf6 55. Be5+ Kf7 56. Kg5 1-0

[Event "Madrid San Viator op 23rd"]
[Site "Madrid"]
[Date "2014.11.02"]
[Round "6"]
[White "Perez Sempere, Alberto"]
[Black "Dominguez Afonso, Ayraldo"]
[Result "1-0"]
[WhiteElo "1845"]
[BlackElo "1571"]
[PlyCount "97"]
[EventDate "2014.09.28"]
[EventType "swiss"]
[EventRounds "9"]
[EventCountry "ESP"]
[SourceTitle "EXT 2016"]
[Source "ChessBase"]
[SourceDate "2015.10.08"]
[SourceVersion "1"]
[SourceVersionDate "2015.10.08"]
[SourceQuality "1"]

1. e4 e6 2. d3 d5 3. Nd2 c5 4. Ngf3 Nf6 5. g3 Nc6 6. Bg2 g6 7. 0-0 Bg7 8. Re1 0-0 9. c3 Re8 10. Qe2 d4 11. c4 a6 12. Nf1 h6 13. h4 Rb8 14. e5 Nd7 15. Bf4 b5 16. b3 bxc4 17. bxc4 Rb4 18. Rab1 Qb6 19. Rxb4 Nxb4 20. a3 Nc6 21. N1h2 Ne7 22. g4 Bb7 23. Nd2 Bxg2 24. Kxg2 Qb2 25. Rb1 Qxa3 26. Rb7 Rd8 27. Nhf3 Nc6 28. Rb3 Qa5 29. Qe4 Qc7 30. Bg3 Nb4 31. Nxd4 Nxe5 32. N4f3 Nbc6 33. d4 cxd4 34. c5 Rd5 35. Nc4 Rxc5 36. Ncxe5 Nxe5 37. Nxd4 Rc4 38. Qa8+ Kh7 39. Nf3 Rxg4 40. Qxa6 Qe7 41. Rb7 Qf6 42. Nxe5 Qxe5 43. Rxf7 Qd5+ 44. Kh2 Rc4 45. Qa1 Qd4 46. Qxd4 Rxd4 47. Be5 Kg8 48. Rxg7+ Kf8 49. Bxd4 1-0

[Event "Madrid San Viator op 22nd"]
[Site "Madrid"]
[Date "2014.05.11"]
[Round "6"]
[White "Sirera Ripoll, Jose Luis"]
[Black "Dominguez Afonso, Ayraldo"]
[Result "1-0"]
[WhiteElo "1750"]
[BlackElo "1523"]
[PlyCount "75"]
[EventDate "2014.03.23"]
[EventType "swiss"]
[EventRounds "9"]
[EventCountry "ESP"]
[SourceTitle "EXT 2015"]
[Source "ChessBase"]
[SourceDate "2014.11.20"]
[SourceVersion "1"]
[SourceVersionDate "2014.11.20"]
[SourceQuality "1"]

1. e4 e6 2. d4 d5 3. exd5 exd5 4. Nf3 Bg4 5. c4 Nf6 6. Nc3 c6 7. c5 Nbd7 8. Bd3 Be7 9. h3 Bh5 10. 0-0 0-0 11. Re1 Re8 12. Bf4 Nf8 13. g4 Bg6 14. Ne5 Bxd3 15. Qxd3 Ne6 16. Bg3 Nd7 17. Nxf7 Kxf7 18. Rxe6 Bf6 19. Rd6 Qe7 20. g5 Bxg5 21. Qf5+ Kg8 22. Rxd7 Qf6 23. Qxf6 Bxf6 24. Rd1 b6 25. Bd6 b5 26. Kf1 Re6 27. Rc7 b4 28. Ne2 Rae8 29. Rd2 Bg5 30. f4 Bd8 31. Rxa7 Re3 32. Be5 Bf6 33. Kg2 Re6 34. Ng1 Bxe5 35. fxe5 Rg6+ 36. Kh2 Reg3 37. e6 Re3 38. Ra8# 1-0

[Event "Madrid-ch Previa-A"]
[Site "Madrid"]
[Date "2014.02.19"]
[Round "9"]
[White "Dominguez Afonso, Ayraldo"]
[Black "Martinez Miura, Enrique"]
[Result "1-0"]
[WhiteElo "1508"]
[BlackElo "1712"]
[PlyCount "125"]
[EventDate "2014.02.03"]
[EventType "swiss"]
[EventRounds "9"]
[EventCountry "ESP"]
[SourceTitle "EXT 2015"]
[Source "ChessBase"]
[SourceDate "2014.11.20"]
[SourceVersion "1"]
[SourceVersionDate "2014.11.20"]
[SourceQuality "1"]

1. e4 e6 2. d4 d5 3. e5 c5 4. c3 cxd4 5. cxd4 Nc6 6. Nf3 h6 7. Nc3 a6 8. Bd3 Nge7 9. a3 Bd7 10. 0-0 g6 11. Be3 Nf5 12. Bc2 Nxe3 13. fxe3 Bg7 14. e4 Ne7 15. exd5 Nxd5 16. Nxd5 exd5 17. Rc1 0-0 18. Bb3 Bb5 19. Rf2 h5 20. Ba4 Bh6 21. Rc3 Qd7 22. Bxb5 Qxb5 23. Rc5 Qd7 24. Qb3 Rfd8 25. Rfc2 Rac8 26. Rxc8 Rxc8 27. Rxc8+ Qxc8 28. Qc3 Qxc3 29. bxc3 Bc1 30. a4 Bb2 31. Kf2 Bxc3 32. Ke2 b5 33. axb5 axb5 34. Kd3 b4 35. Ng1 Kf8 36. Ne2 Be1 37. Nf4 Ke7 38. Nxd5+ Ke6 39. Nf4+ Kd7 40. Kc4 Bd2 41. Nd3 h4 42. h3 Ke7 43. Nxb4 Ke6 44. Nd3 Bh6 45. Ne1 Bf4 46. Nf3 Bg3 47. Ng5+ Ke7 48. Kd5 Bf4 49. Nf3 g5 50. Ke4 Bc1 51. Kf5 Be3 52. d5 Bf4 53. Nxg5 Bxe5 54. Kxe5 f6+ 55. Kf5 fxg5 56. Kxg5 Kd6 57. Kxh4 Kxd5 58. g4 Ke6 59. Kg5 Kf7 60. Kh6 Kg8 61. g5 Kh8 62. g6 Kg8 63. g7 1-0

[Event "Madrid-ch Previa-A"]
[Site "Madrid"]
[Date "2014.02.18"]
[Round "8"]
[White "Dominguez Afonso, Ayraldo"]
[Black "De La Fuente Ebro, Miguel Angel"]
[Result "1/2-1/2"]
[WhiteElo "1508"]
[BlackElo "1772"]
[PlyCount "114"]
[EventDate "2014.02.03"]
[EventType "swiss"]
[EventRounds "9"]
[EventCountry "ESP"]
[SourceTitle "EXT 2015"]
[Source "ChessBase"]
[SourceDate "2014.11.20"]
[SourceVersion "1"]
[SourceVersionDate "2014.11.20"]
[SourceQuality "1"]

1. e4 e6 2. d4 d5 3. e5 c5 4. c3 cxd4 5. cxd4 Nc6 6. Nf3 Qb6 7. Nc3 Nge7 8. Bd3 Bd7 9. Bc2 Ng6 10. 0-0 Be7 11. a3 a5 12. Rb1 0-0 13. Re1 f5 14. Na4 Qc7 15. Bg5 Rac8 16. Bxe7 Ngxe7 17. Nc3 Nd8 18. Qd3 Ng6 19. Ng5 Nf7 20. Nf3 Qd8 21. Rec1 Ng5 22. a4 Ne4 23. Qe3 Nh4 24. Nxh4 Qxh4 25. f3 f4 26. Qe1 Qxe1+ 27. Rxe1 Nxc3 28. bxc3 Rxc3 29. Rb2 Rfc8 30. Re2 b5 31. axb5 Bxb5 32. Rxb5 Rxc2 33. Rxc2 Rxc2 34. Rxa5 Rc4 35. Ra6 Kf7 36. Ra7+ Kg6 37. Re7 Rxd4 38. Rxe6+ Kf7 39. Rd6 Ke7 40. Kf2 Rd2+ 41. Kf1 d4 42. Ke1 Rxg2 43. Rxd4 g5 44. h4 gxh4 45. Rxf4 h3 46. Kf1 Rb2 47. Rh4 h2 48. Rxh7+ Ke6 49. Rh5 Ra2 50. f4 Rb2 51. Rh6+ Kf5 52. e6 Kxf4 53. e7 Kf3 54. Rh3+ Kg4 55. Rxh2 Rb8 56. Re2 Re8 57. Kg2 Kf5 1/2-1/2

[Event "Madrid-ch Previa-A"]
[Site "Madrid"]
[Date "2014.02.11"]
[Round "5"]
[White "Dominguez Afonso, Ayraldo"]
[Black "Ramos Antona, Enrique"]
[Result "1/2-1/2"]
[WhiteElo "1508"]
[BlackElo "1643"]
[PlyCount "128"]
[EventDate "2014.02.03"]
[EventType "swiss"]
[EventRounds "9"]
[EventCountry "ESP"]
[SourceTitle "EXT 2015"]
[Source "ChessBase"]
[SourceDate "2014.11.20"]
[SourceVersion "1"]
[SourceVersionDate "2014.11.20"]
[SourceQuality "1"]

1. e4 d6 2. d4 Nf6 3. Nc3 g6 4. Nf3 Bg7 5. Be3 c6 6. a4 0-0 7. Qd2 Na6 8. Be2 Qa5 9. 0-0 Bg4 10. h3 Bxf3 11. Bxf3 Qc7 12. Rfe1 Nb4 13. Bf4 e5 14. dxe5 dxe5 15. Be3 Rfd8 16. Qe2 a5 17. Rad1 Rxd1 18. Rxd1 Rd8 19. b3 Bf8 20. Bg5 Be7 21. Rd2 Rxd2 22. Qxd2 Qd8 23. Qd1 Qxd1+ 24. Bxd1 Kf8 25. Kf1 Nd7 26. Be3 Nc5 27. f4 f6 28. Ke2 exf4 29. Bxf4 Ne6 30. Be3 Bc5 31. g4 Kf7 32. Nb1 g5 33. c3 Na6 34. Bc1 Nf4+ 35. Bxf4 gxf4 36. Kf3 Bd6 37. Nd2 b5 38. Be2 Nc7 39. h4 h6 40. Bd3 Be5 41. c4 bxa4 42. bxa4 Ne6 43. Nb3 Bc3 44. c5 Nd4+ 45. Nxd4 Bxd4 46. Kxf4 Bxc5 47. Kf5 Bd4 48. Bc4+ Kg7 49. g5 fxg5 50. hxg5 hxg5 51. Kxg5 Kf8 52. Kf4 Ke7 53. e5 Bc3 54. Ke4 Bb2 55. Kf5 Bd4 56. Ba6 Bc3 57. Bb7 c5 58. Bd5 Bd4 59. Ke4 Bc3 60. Bc4 Be1 61. Kd5 Bc3 62. e6 Be1 63. Kxc5 Bb4+ 64. Kb5 Be1 1/2-1/2

[Event "Madrid-ch Previa-A"]
[Site "Madrid"]
[Date "2014.02.05"]
[Round "3"]
[White "Algaba Traspuesto, Jose Antonio"]
[Black "Dominguez Afonso, Ayraldo"]
[Result "1-0"]
[WhiteElo "1721"]
[BlackElo "1508"]
[PlyCount "97"]
[EventDate "2014.02.03"]
[EventType "swiss"]
[EventRounds "9"]
[EventCountry "ESP"]
[SourceTitle "EXT 2015"]
[Source "ChessBase"]
[SourceDate "2014.11.20"]
[SourceVersion "1"]
[SourceVersionDate "2014.11.20"]
[SourceQuality "1"]

1. d4 d5 2. e3 c5 3. c3 e6 4. Bd3 Nf6 5. Nd2 Nc6 6. f4 h5 7. Ngf3 Bd6 8. dxc5 Bxc5 9. Qe2 Qe7 10. e4 dxe4 11. Nxe4 Nxe4 12. Bxe4 Bd7 13. Be3 0-0-0 14. 0-0-0 Rhe8 15. Ng5 f6 16. Bxc5 Qxc5 17. Nf7 f5 18. Nd6+ Kb8 19. Bxc6 Bxc6 20. Nxe8 Rxe8 21. Qe5+ Qxe5 22. fxe5 g5 23. Rd2 f4 24. Rhd1 Kc7 25. Rf2 Rf8 26. b3 Rf5 27. Re1 g4 28. Kd2 Kb6 29. Kd3 Kc5 30. b4+ Kb6 31. c4 a6 32. Kd4 Kc7 33. Ref1 f3 34. gxf3 gxf3 35. Rg1 Rf4+ 36. Kc3 Rg4 37. Rxg4 hxg4 38. Kd4 Be8 39. Ke3 Bg6 40. Rd2 Bf5 41. a3 b6 42. Rd6 Kb7 43. c5 bxc5 44. bxc5 Ka7 45. Rb6 a5 46. Rb2 Bg6 47. c6 Be8 48. c7 Bd7 49. Rb8 1-0

[Event "Tenerife-ch"]
[Site "Santa Cruz de Tenerife"]
[Date "2013.03.14"]
[Round "9"]
[White "Pena Aragon, Sergio"]
[Black "Dominguez Afonso, Ayraldo"]
[Result "1-0"]
[WhiteElo "1394"]
[BlackElo "1480"]
[PlyCount "83"]
[EventDate "2013.03.04"]
[EventType "swiss"]
[EventRounds "9"]
[EventCountry "ESP"]
[SourceTitle "CBM 153 Extra"]
[Source "ChessBase"]
[SourceDate "2013.04.22"]
[SourceVersion "1"]
[SourceVersionDate "2013.04.22"]
[SourceQuality "1"]

1. c4 c5 2. Nc3 Nc6 3. Nf3 Nf6 4. g3 g6 5. Bg2 Bg7 6. 0-0 0-0 7. d3 d6 8. Rb1 a6 9. a3 Rb8 10. b4 cxb4 11. axb4 b5 12. cxb5 axb5 13. Bd2 h6 14. Qc1 Kh7 15. Nxb5 Rxb5 16. Qxc6 Qb6 17. Rfc1 Bd7 18. Qxb6 Rxb6 19. b5 Rxb5 20. Rxb5 Bxb5 21. Rc7 e6 22. Bb4 Ne8 23. Rb7 Bc6 24. Rb6 Bd5 25. e4 Ba2 26. e5 Nc7 27. Bxd6 Rc8 28. Rc6 Bd5 29. Rxc7 Ra8 30. Nd2 Ra1+ 31. Nf1 Bb3 32. Rxf7 Kg8 33. Rf3 Bd1 34. Re3 Bc2 35. d4 h5 36. d5 Bf5 37. Rc3 Ra5 38. dxe6 Bxe6 39. f4 Ra4 40. Ne3 Ra6 41. Kf2 Ra2+ 42. Rc2 1-0

[Event "Tenerife-ch"]
[Site "Santa Cruz de Tenerife"]
[Date "2013.03.11"]
[Round "6"]
[White "Dominguez Afonso, Ayraldo"]
[Black "Perez de la Torre, Jorge"]
[Result "0-1"]
[WhiteElo "1480"]
[BlackElo "1666"]
[PlyCount "112"]
[EventDate "2013.03.04"]
[EventType "swiss"]
[EventRounds "9"]
[EventCountry "ESP"]
[SourceTitle "CBM 153 Extra"]
[Source "ChessBase"]
[SourceDate "2013.04.22"]
[SourceVersion "1"]
[SourceVersionDate "2013.04.22"]
[SourceQuality "1"]

1. e4 c6 2. c4 d5 3. cxd5 cxd5 4. exd5 Nf6 5. Nc3 g6 6. Bb5+ Nbd7 7. Qe2 Bg7 8. d6 e6 9. d4 0-0 10. Bg5 a6 11. Bd3 Qb6 12. Nf3 Qxd6 13. 0-0 b5 14. Ne4 Nxe4 15. Qxe4 Ra7 16. Qe3 Bb7 17. d5 Raa8 18. dxe6 Qxe6 19. Qxe6 fxe6 20. Rab1 Nc5 21. Be2 Na4 22. Be7 Rf7 23. Ba3 Rc7 24. Bd3 Rd8 25. Rfd1 Bxf3 26. gxf3 Rcd7 27. Bc2 Rxd1+ 28. Rxd1 Rxd1+ 29. Bxd1 Bxb2 30. Bxb2 Nxb2 31. Bb3 Kf7 32. Kf1 Nd3 33. Bc2 Nb4 34. Bb3 a5 35. a4 bxa4 36. Bxa4 Nd5 37. Ke1 Kf6 38. Kd2 Ke5 39. Bc2 Kf4 40. Be4 Nf6 41. Bc6 g5 42. Kc3 Nd5+ 43. Kd4 Kxf3 44. Ke5 Kxf2 45. Kxe6 Nb4 46. Be4 h5 47. Kf5 g4 48. Kg5 a4 49. Kxh5 a3 50. Bb1 Kf3 51. Kh4 a2 52. Bxa2 Nxa2 53. Kh5 Nc3 54. Kh4 Nd5 55. Kg5 Ne3 56. Kh4 Kg2 0-1

[Event "Tenerife-ch"]
[Site "Santa Cruz de Tenerife"]
[Date "2013.03.08"]
[Round "5"]
[White "Henriquez Garcia, David"]
[Black "Dominguez Afonso, Ayraldo"]
[Result "1-0"]
[WhiteElo "2005"]
[BlackElo "1480"]
[PlyCount "51"]
[EventDate "2013.03.04"]
[EventType "swiss"]
[EventRounds "9"]
[EventCountry "ESP"]
[SourceTitle "CBM 153 Extra"]
[Source "ChessBase"]
[SourceDate "2013.04.22"]
[SourceVersion "1"]
[SourceVersionDate "2013.04.22"]
[SourceQuality "1"]

1. e4 e6 2. d4 d5 3. e5 c5 4. dxc5 Bxc5 5. Bd3 Nc6 6. Nf3 Nge7 7. 0-0 Ng6 8. Qe2 Qc7 9. Re1 Nd4 10. Nxd4 Bxd4 11. Bxg6 hxg6 12. c3 Bc5 13. Bf4 Bd7 14. Nd2 Qd8 15. Nf3 f6 16. Qd3 Kf7 17. b4 Bb6 18. a4 a6 19. a5 Ba7 20. Be3 Bb8 21. Bd4 Bb5 22. Qe3 g5 23. exf6 Qd6 24. Be5 Qd7 25. Bxb8 Raxb8 26. Ne5+ 1-0

[Event "Tenerife-chT-A1"]
[Site "Tenerife"]
[Date "2013.03.02"]
[Round "6.2"]
[White "Martin Hernandez, Jonas David"]
[Black "Dominguez Afonso, Ayraldo"]
[Result "1-0"]
[WhiteElo "1904"]
[BlackElo "1441"]
[PlyCount "60"]
[EventDate "2013.01.19"]
[EventType "team-tourn"]
[EventRounds "14"]
[EventCountry "ESP"]
[SourceTitle "EXT 2014"]
[Source "ChessBase"]
[SourceDate "2013.11.20"]
[SourceVersion "1"]
[SourceVersionDate "2013.11.20"]
[SourceQuality "1"]
[WhiteTeam "Piratas La Orotava"]
[BlackTeam "La Victoria 94"]
[WhiteTeamCountry "ESP"]
[BlackTeamCountry "ESP"]

1. e4 e6 2. d4 d5 3. Nc3 Bb4 4. e5 c5 5. Bd2 cxd4 6. Nb5 Be7 7. Qg4 g6 8. Nxd4 Nc6 9. Ngf3 Qc7 10. Nb5 Qb8 11. 0-0-0 a6 12. Nbd4 Nxe5 13. Nxe5 Qxe5 14. Bc3 Nf6 15. Qf3 Ne4 16. Be1 0-0 17. h4 Bd7 18. Qe3 Bd6 19. g3 Qf6 20. f3 Nc5 21. Qh6 Be5 22. Kb1 Qg7 23. Qe3 Rfe8 24. h5 b5 25. Bb4 Na4 26. b3 Nb6 27. Bc3 Re7 28. Bb2 b4 29. Nxe6 Bxe6 30. Bxe5 Qf8 1-0

[Event "Tenerife-chT-A1"]
[Site "Tenerife"]
[Date "2013.02.16"]
[Round "4.4"]
[White "Dominguez Afonso, Ayraldo"]
[Black "Calvo Nobrega, Joaquin Manuel"]
[Result "0-1"]
[WhiteElo "1441"]
[BlackElo "1792"]
[PlyCount "102"]
[EventDate "2013.01.19"]
[EventType "team-tourn"]
[EventRounds "14"]
[EventCountry "ESP"]
[SourceTitle "EXT 2014"]
[Source "ChessBase"]
[SourceDate "2013.11.20"]
[SourceVersion "1"]
[SourceVersionDate "2013.11.20"]
[SourceQuality "1"]
[WhiteTeam "La Victoria 94"]
[BlackTeam "Escuela Ajedrez Casa Venezuela"]
[WhiteTeamCountry "ESP"]
[BlackTeamCountry "ESP"]

1. e4 e5 2. Nf3 Nc6 3. Bb5 Nge7 4. Nc3 g6 5. 0-0 Bg7 6. d3 h6 7. Be3 0-0 8. Qd2 Kh7 9. d4 exd4 10. Nxd4 a6 11. Nxc6 Nxc6 12. Bxc6 dxc6 13. Rad1 Be6 14. Bd4 f6 15. Qe3 Qe8 16. e5 f5 17. f4 b6 18. Qe2 Qf7 19. Rf3 Bc4 20. Qe1 Rad8 21. b3 Be6 22. Bf2 Qe7 23. Rh3 Qb4 24. Rhd3 Rxd3 25. Rxd3 Qxf4 26. Bg3 Qb4 27. Bf2 Qe7 28. Nb1 Bd5 29. Bd4 Be4 30. Rd2 Rd8 31. Qg3 Rxd4 32. Rxd4 Bxe5 33. Qe3 Bxd4 34. Qxd4 Bxc2 35. Nd2 Qc5 36. Qxc5 bxc5 37. Nc4 Bb1 38. Na5 Bxa2 39. Kf2 Kg7 40. Ke3 Kf6 41. Kd2 Bb1 42. Nxc6 Be4 43. Nb8 Bxg2 44. Nxa6 f4 45. Nxc7 g5 46. Na6 g4 47. Nxc5 g3 48. hxg3 fxg3 49. Ke3 Kf5 50. b4 h5 51. Nd3 h4 0-1

[Event "Tenerife op 23rd"]
[Site "Tenerife"]
[Date "2012.12.21"]
[Round "7"]
[White "Rodriguez Redondo, Adhara"]
[Black "Dominguez Afonso, Ayraldo"]
[Result "0-1"]
[WhiteElo "1314"]
[BlackElo "1441"]
[PlyCount "56"]
[EventDate "2012.12.13"]
[EventType "swiss"]
[EventRounds "9"]
[EventCountry "ESP"]
[SourceTitle "CBM 152 Extra"]
[Source "ChessBase"]
[SourceDate "2013.02.25"]
[SourceVersion "1"]
[SourceVersionDate "2013.02.25"]
[SourceQuality "1"]

1. e4 e6 2. d4 d5 3. exd5 exd5 4. Nf3 Nc6 5. Nc3 Bg4 6. Be2 Nf6 7. Bg5 Be7 8. 0-0 h6 9. Bh4 g5 10. Bg3 Nh5 11. h3 Nxg3 12. fxg3 Be6 13. Kh2 Bd6 14. Qe1 Qd7 15. Bb5 0-0-0 16. Ne5 Bxe5 17. dxe5 d4 18. Ne4 Qd5 19. Bxc6 Qxc6 20. c3 Bd5 21. Nd2 dxc3 22. bxc3 Bxg2 23. Rxf7 Bd5 24. Re7 Qc5 25. Rg7 Rhf8 26. h4 Rf2+ 27. Kh3 Be6+ 28. g4 Qxc3+ 0-1